Nuevo Sistema de Derecho Penal (Registro nro. 30260)

Detalles MARC
000 -CABECERA
Longitud fija campo de control 00896nam a2200217 a 4500
003 - • IDENTIFICADOR DELl NÚMERO DE CONTROL
Identificador del número de control CO-ViMGA
008 - • CÓDIGOS DE INFORMACIÓN DE LONGITUD FIJA
Códigos de información de longitud fija 141112s2004 ck r 000 u spa d
020 ## - • NÚMERO INTERNACIONAL NORMALIZADO PARA LIBROS
Número Internacional Normalizado para Libros (ISBN) 8481647128
040 ## - FUENTE DE LA CATALOGACIÓN
Centro catalogador de origen CO-ViMGA
Lengua de catalogación spa
Centro transcriptor CO-ViMGA
082 04 - • NÚMERO DE LA CLASIFICACIÓN DECIMAL DEWEY
Número de clasificación (R) 345 B877n
100 1# - • PUNTO DE ACCESO PRINCIPAL-NOMBRE DE PERSONA
Nombre de persona Bustos Ramírez, Juan J.; Hormazábal Malaree, Hernán
245 10 - • TITULO PROPIAMENTE DICHO
Título Nuevo Sistema de Derecho Penal
300 ## - • DESCRIPCIÓN FÍSICA
Extensión 142
490 ## - • MENCIÓN DE SERIE
Mención de serie Estructuras y procesos
505 ## - • NOTA DE CONTENIDO CON FORMATO
Nota de contenido con formato Control social y derecho penal 19 - - Política criminal y derecho penal subjetivo 25 - - La teoría de las normas 41 - - El injusto de acción culposo 97 - - La teoría de la determinación de la pena 135
590 ## - NOTAS LOCALES
Nota local Forma de adquisición : Donación fact. 8859 - - Precio : 44200 - - Proveedor : Fundación exito - - Fecha de adquisición : Junio 2007
650 14 - • PUNTO DE ACCESO ADICIONAL DE MATERIA - TÉRMINO DE MATERIA
Término de materia o nombre geográfico como elemento inicial DERECHO PENAL
942 ## - ENTRADA DE ELEMENTOS AGREGADOS (KOHA)
Fuente de clasificaión o esquema Dewey Decimal Classification
Koha [por defecto] tipo de item LIbro
Existencias
Perdido Fuente de clasificación o esquema Estado Físico No para préstamo Forma de adquisición Localización permanente Localización actual Fecha adquisición Serie de enumeración / cronolog&íacute;a Préstamos totales Signatura completa Código de barras Fecha última consulta Número de copia Fecha del precio de reemplazo Tipo de item de Koha
  Dewey Decimal Classification     Sala Especializada Tercer Piso Biblioteca Pública Germán Arciniegas - Villavicencio Biblioteca Pública Germán Arciniegas - Villavicencio 12/04/2015 11/jun/2009   345 B877n 21697 12/04/2015 Ej. 1 12/04/2015 LIbro









Instituto Departamental de Cultura del Meta - Red Departamental de Bibliotecas Públicas del Meta.